000 03822nam a22003377a 4500
003 OSt
005 20240918094358.0
007 cr ||||||a|c|a
008 240917s2024 mx a|||fom||| 001 0 spa d
040 _erda
100 1 _aBravo Calderón, Iván Alberto
_9189614
245 1 0 _aIncidencia en los factores ambientales en el cultivo de jatropha curcas L. en el Norte de Yucatán /
_cpor Iván Alberto Bravo Calderón; director de tesis Erik Acuayte Valdés; secretario Alejandro F. Barrientos Priego; vocal Claudio Arturo Pérez Mercado; suplente Azucena Sierra García; suplente Juan Ayala Arreola.
264 1 _aChapingo, México :
_bEl autor,
_c2024.
300 _a1 recurso en línea (54 páginas):
_bfiguras, tablas.
336 _2rdacontent
_atexto
_btxt
337 _2rdamedia
_acomputadora
_bc
338 _2rdacarrier
_arecurso en línea
_bcr
502 _bIAEZ
_cZootecnía
_d2024.
_gLIC
504 _aIncluye referencias bibliográficas: páginas 50-54.
520 _aEn los últimos años se han realizado diversos estudios del cambio climático asociado con las actividades humanas. Existe un creciente interés entre científicos, políticos y líderes de gobierno, en la recolección de datos sobre el almacenamiento de carbono en diferentes cultivos, como Jatropha curcas, la cual se ha estudiado por el potencial de sus semillas para producir biodiesel como sustituto de combustibles fósiles. El presente trabajo tuvo como objetivo caracterizar la incidencia de los factores ambientales en el cultivo de Jatropha curcas L, reflejado en el desarrollo y calidad de frutos, en la península de Yucatán. Así como cuantificar el desarrollo y calidad de fruto de tres variedades de J. curcas cultivadas bajo dos sistemas diferentes. Se encontró que no hay diferencias significativas entre las tres variedades de J. curcas para número de frutos y total de semillas, peso fresco de semilla, así como para peso fresco de la cascarilla. Sin embargo, la variedad Doña Aurelia presentó más del 50% del peso fresco que el resto de las variedades (Gran Victoria y Don Rafael). En cuanto a susceptibilidad de enfermedades solo la variedad Doña Aurelia manifestó presencia de hongos. Para número de hojas y altura de copa se encontraron diferencias estadísticas significativas en plantas tratadas con riego y sin sombra desarrollando el mayor número de hojas (2.9) en comparación con las plantas tratadas con riego y con sombra. Teniendo mayor influencia la presencia de riego que la presencia de malla en el desarrollo de la plantación. Mientras que para altura de copa el tratamiento que mayor favoreció fue sin riego/con sombra (1.07 m). En la variable biomasa total y carbono se encontraron diferencias estadísticas significativas en la interacción de plantas tratadas con riego y con sombra las plantas que mayor biomasa presentaron fueron las tratadas con riego/sin sombra (2.9 kg) mientras que para carbono el mayor resultado lo presentaron plantas tratadas sin riego y con sombra. De acuerdo con los resultados no se ve favorecido algún tratamiento, esto puede ser atribuido a la condición silvestre de la especie en proceso de domesticación.
650 4 _aJatropha curcas
_xRendimiento
_9126168
650 4 _aJatropha curcas
_xFisiología y morfología
_9135371
650 4 _aJatropha curcas
_xSemillas
_xCrecimiento
_9132993
700 1 _aAcuayte Valdes, Erik
_9751
_eDirector de tesis.
700 1 _aBarrientos Priego, Alejandro F.
_910489
_eSecretario
700 1 _aPérez Mercado, Claudio Arturo
_9189067
_eVocal.
700 1 _aSierra García, Azucena
_9134500
_eSuplente.
700 1 _aAyala Arreola, Juan
_98915
_eSuplente.
856 _uhttp://10.13.5.2/tesis/tl/9710116-7_BRAVO_CALDERON_IVANALBERTO.pdf
_zDESCARGAR PDF
942 _2Clasificación Universidad Autónoma Chapingo
_cTD
999 _c220168
_d220168